[Event "SVK-chT2D 2324"]
[Site "Slovakia"]
[Date "2023.12.03"]
[Round "6.7"]
[White "Drozdik, Ivan"]
[Black "Hoang, Jakub"]
[Result "1-0"]
[WhiteElo "1999"]
[BlackElo "1600"]
[PlyCount "57"]
[EventDate "2023.10.07"]
[EventType "team-tourn"]
[EventRounds "11"]
[EventCountry "SVK"]
[SourceTitle "EXT 2025"]
[Source "ChessBase"]
[SourceDate "2024.10.14"]
[SourceVersion "1"]
[SourceVersionDate "2024.10.14"]
[SourceQuality "1"]
[WhiteTeam "Poprad LS VD"]
[BlackTeam "Spisska Nova Ves"]
[WhiteTeamCountry "SVK"]
[BlackTeamCountry "SVK"]

1. e4 d6 2. d4 Nf6 3. Nc3 g6 4. Nf3 Bg7 5. Bd3 0-0 6. 0-0 Nc6 7. a3 e5 8. dxe5 Nxe5 9. Bg5 h6 10. Bf4 Qe7 11. h3 Nxf3+ 12. Qxf3 Be6 13. Rae1 c6 14. Bd2 Nd7 15. Qg3 Ne5 16. f4 Nc4 17. Bc1 Nxa3 18. f5 Be5 19. Bf4 Bxc3 20. bxc3 Bc4 21. Bxd6 Qd8 22. Bxa3 Bxd3 23. cxd3 Re8 24. fxg6 f6 25. e5 fxe5 26. Rxe5 Qb6+ 27. Kh1 Rxe5 28. Qxe5 Qb3 29. Qe7 1-0

[Event "SVK-ch Amateurs"]
[Site "Liptovsky Jan"]
[Date "2023.06.18"]
[Round "8"]
[White "Szaszak, Robert"]
[Black "Hoang, Jakub"]
[Result "1-0"]
[WhiteElo "1718"]
[BlackElo "1231"]
[PlyCount "81"]
[EventDate "2023.06.15"]
[EventType "swiss"]
[EventRounds "8"]
[EventCountry "SVK"]
[SourceTitle "CBM 214 Extra"]
[Source "ChessBase"]
[SourceDate "2023.07.31"]
[SourceVersion "1"]
[SourceVersionDate "2023.07.31"]
[SourceQuality "1"]

1. e4 d6 2. d4 Nf6 3. Nc3 g6 4. Nf3 Bg7 5. h3 0-0 6. Be3 b6 7. Bd3 Bb7 8. Ng5 Nbd7 9. h4 h6 10. Nf3 c5 11. Qd2 Ng4 12. h5 Nxe3 13. Qxe3 g5 14. dxc5 Qc7 15. Nxg5 Qxc5 16. Qxc5 Nxc5 17. Nf3 Bxc3+ 18. bxc3 Nxe4 19. c4 Nf6 20. Nd4 Kh8 21. f3 e6 22. 0-0-0 Rg8 23. Rh2 Rg5 24. Nb5 d5 25. Nd6 Bc6 26. Nxf7+ Kg7 27. Nxg5 hxg5 28. h6+ Kh8 29. Re1 dxc4 30. Bxc4 Bd5 31. Bxd5 exd5 32. Re6 Rf8 33. Rd6 Kh7 34. Kb2 Rf7 35. Kb3 g4 36. c3 gxf3 37. gxf3 b5 38. Kb4 Ne8 39. Rxd5 Nc7 40. Rd3 a6 41. Rd6 1-0

[Event "SVK-ch Amateurs"]
[Site "Liptovsky Jan"]
[Date "2023.06.16"]
[Round "4"]
[White "Zentko, Ladislav"]
[Black "Hoang, Jakub"]
[Result "0-1"]
[WhiteElo "1653"]
[BlackElo "1231"]
[PlyCount "46"]
[EventDate "2023.06.15"]
[EventType "swiss"]
[EventRounds "8"]
[EventCountry "SVK"]
[SourceTitle "CBM 214 Extra"]
[Source "ChessBase"]
[SourceDate "2023.07.31"]
[SourceVersion "1"]
[SourceVersionDate "2023.07.31"]
[SourceQuality "1"]

1. Nf3 d6 2. d4 Nf6 3. Bf4 g6 4. Nbd2 Bg7 5. c3 Nbd7 6. e4 0-0 7. Bc4 c6 8. 0-0 b5 9. Bb3 Bb7 10. Re1 Nh5 11. Bg5 h6 12. Bh4 Re8 13. a3 Qc7 14. Qc2 e6 15. g4 Nhf6 16. g5 Nh5 17. Rad1 a5 18. gxh6 Bxh6 19. e5 d5 20. Bg5 Bxg5 21. Nxg5 Nf4 22. Re3 Kg7 23. Ngf3 Kf8 0-1